Catálogo

FORRAJES : (Registro nro. 3986)

Detalles MARC
000 -LEADER
fixed length control field 00582nam a2200205 a 4500
001 - CONTROL NUMBER
control field 3986
005 - DATE AND TIME OF LATEST TRANSACTION
control field 20180713183900.0
008 - FIXED-LENGTH DATA ELEMENTS--GENERAL INFORMATION
fixed length control field 140415s1980 mx 000 0 spa d
041 ## - LANGUAGE CODE
Language code of text/sound track or separate title spa
082 ## - DEWEY DECIMAL CLASSIFICATION NUMBER
Classification number 636.08551
Item number HUG
100 1# - MAIN ENTRY--PERSONAL NAME
Personal name HUGHES, H.D.
245 10 - TITLE STATEMENT
Title FORRAJES :
Remainder of title LA CIENCIA DE LA AGRICULTURA BASADA EN LA PRODUCCION DE PASTOS
250 ## - EDITION STATEMENT
Edition statement 1a ed.
260 ## - PUBLICATION, DISTRIBUTION, ETC.
Place of publication, distribution, etc. MEXICO :
Name of publisher, distributor, etc. CECSA,
Date of publication, distribution, etc. 1980
300 ## - PHYSICAL DESCRIPTION
Extent 758
650 14 - SUBJECT ADDED ENTRY--TOPICAL TERM
Topical term or geographic name entry element FORRAJE
700 1# - ADDED ENTRY--PERSONAL NAME
Personal name LOMA, JOSE LUIS DE LA
Relator term tr.
740 ## - ADDED ENTRY--UNCONTROLLED RELATED/ANALYTICAL TITLE
Uncontrolled related/analytical title FORAGES
700 1# - ADDED ENTRY--PERSONAL NAME
Personal name HEATH, MAURICE E. / METCALFE, DARREL S.
Relator term coaut.
Existencias
Withdrawn status Lost status Source of classification or shelving scheme Damaged status Not for loan Collection code Home library Current library Shelving location Date acquired Source of acquisition Inventory number Total Checkouts Full call number Barcode Date last seen Date last checked out Price effective from Koha item type
    Dewey Decimal Classification     General Biblioteca Karol Wojtyla Biblioteca Karol Wojtyla Sala general 03/12/2013 Compra 151000000000000000011468 4 636.08551 HUG 8224 05/01/2026 25/02/2020 03/12/2013 Libro
    Dewey Decimal Classification     General Biblioteca Karol Wojtyla Biblioteca Karol Wojtyla Sala general 03/12/2013 Compra 151000000000000000011467 1 636.08551 HUG 15357 05/01/2026 18/02/2019 03/12/2013 Libro